MDQL
is popping MORE tags! Check the
thread
!
Quizzes
Events
Quiz Creation
Community
Videos
Private Events
Remove Ads
Sign In
Join for FREE
Feedback
Dark Mode
Quiz Categories
Sports
Geography
Music
Movies
Television
Just For Fun
Miscellaneous
History
Literature
Language
Science
Gaming
Entertainment
Religion
Holiday
For Kids
Quiz Lab
Recent
Popular Today
Quiz Kudos Today
Editor Picks
Curator Picks
Quizzes by...
Day
Popularity
Type
Ratings
Length
Year
Community
Subscriptions
Recent Discussions
Orange Saloon
Badges
Playlists
Quests
Create
Leaderboards
Showdown
Live 5
Trivia Bingo
Activity
Puzzle Library
Sporcle Events
Private Events
Virtual Trivia
Globe League
Become a Host
Pub Owners
SporcleCon
Opinionation
Our Games
Videos
Blog
Mobile Apps
Partnerships
Remove Ads and Go Orange
Feedback
Sports
Athletes
MLB
NBA
NHL
NFL
Soccer
Sports Teams
WWE
NCAA
Football
Premier League
Basketball
Baseball
Hockey
Golf
Tennis
Cricket
Rugby
Auto Racing
Olympics
World Cup
Sports
Athletes
MLB
NBA
NHL
NFL
Soccer
Sports Teams
WWE
NCAA
Football
Premier League
Basketball
Baseball
Hockey
Golf
Tennis
Cricket
Rugby
Auto Racing
Olympics
World Cup
Random Quiz
Search Sporcle
×
Quiz Lab
Quiz Lab
Sports
Premier League
Type in answers that appear in a list
Type in answers that appear in a list
Classic
Best Score? Go Orange.
100 Best Football players in the World (2016) Stats
Can you name the 100 Best Football players in the World (2016)?
By
prakashram08
12m
100 Questions
874 Plays
874 Plays
874 Plays
Comments
Comments
Give Quiz Kudos
Give Quiz Kudos
-
- Ratings
hide this ad
Replay
Link that replays current quiz
Next Quiz
Link to next quiz in quiz playlist
You Got
0%
They Got
Avg Score
48%
Avg Friend Score
Upgrade to see
Score Distribution
Jump to the score distribution portion of the page
Score
0/100
Timer
12:00
0
Plays Today
Hint
Answer
% Correct
Barcelona
Lionel Messi
96.6%
Real Madrid
Cristiano Ronaldo
96.3%
Barcelona
Luis Suarez
94%
Barcelona
Neymar
91.9%
Real Madrid
Gareth Bale
91.1%
Bayern Munich
Robert Lewandowski
85.8%
Atletico Madrid
Antoine Griezmann
82.7%
Real Madrid
Luka Modric
78.8%
Manchester United
Paul Pogba
77.7%
Arsenal
Alexis Sanchez
75.8%
Bayern Munich
Thomas Muller
75%
Manchester United
Zlatan Ibrahimovic
75%
Manchester City
Kevin de Bruyne
72.4%
Chelsea
Eden Hazard
71.9%
Real Madrid
Toni Kroos
70.4%
Barcelona
Andres Iniesta
68.6%
Bayern Munich
Manuel Neuer
67.9%
Manchester City
David Silva
65.3%
Borussia Dortmund
Pierre-Emerick Aubameyang
65%
Real Madrid
Sergio Ramos
64.2%
Barcelona
Gerard Pique
63.7%
Juventus
Gonzalo Higuain
63.4%
Bayern Munich
David Alaba
63.1%
Barcelona
Ivan Rakitic
62.8%
Atletico Madrid
Diego Godin
62.2%
Leicester City
Riyad Mahrez
62%
Juventus
Paulo Dybala
61.4%
PSG
Edinson Cavani
61%
Tottenham Hotspur
Harry Kane
60%
Chelsea
N'Golo Kante
59%
Arsenal
Mesut Ozil
58.7%
Bayern Munich
Arturo Vidal
58.7%
Manchester City
Sergio Aguero
58.4%
Real Madrid
Karim Benzema
58%
Hint
Answer
% Correct
Bayern Munich
Jerome Boateng
57.9%
PSG
Thiago Silva
57.9%
Bayern Munich
Arjen Robben
57.3%
Juventus
Gianluigi Buffon
56.2%
Bayern Munich
Mats Hummels
55%
Chelsea
Diego Costa
54.8%
Barcelona
Sergio Busquets
54.5%
Real Madrid
James Rodriguez
53.6%
Borussia Dortmund
Marco Reus
52.7%
West Ham United
Dimitri Payet
52.4%
Leicester City
Jamie Vardy
52.1%
Real Madrid
Pepe
51.9%
Atletico Madrid
Jan Oblak
51.7%
Liverpool
Phillipe Coutinho
51.1%
Bayern Munich
Douglas Costa
50.9%
Liverpool
Roberto Firmino
50.8%
Manchester United
Juan Mata
50.6%
Juventus
Leonardo Bonucci
50.1%
Manchester United
David De Gea
48.6%
Bayern Munich
Philipp Lahm
48.3%
Bayern Munich
Frank Ribery
48.2%
Real Madrid
Raphael Varane
48%
Everton
Romelu Lukaku
46.6%
AS Roma
Mohamed Salah
45.3%
Real Madrid
Marcelo
45%
Manchester City
Raheem Sterling
44.9%
Real Madrid
Keylor Navas
44.4%
Arsenal
Petr Cech
44%
Tottenham Hotspur
Toby Alderweireld
43.2%
Juventus
Miralem Pjanic
42.7%
Tottenham Hotspur
Dele Alli
42.7%
Juventus
Giorgio Chiellini
42.4%
Napoli
Marek Hamsik
42.3%
Chelsea
Thibaut Courtois
41.6%
Hint
Answer
% Correct
Bayern Munich
Xabi Alonso
41%
Atletico Madrid
Koke
39.7%
Tottenham Hotspur
Hugo Lloris
38.4%
PSG
Angel Di Maria
38.3%
Bayer Lerverkusen
Javier Hernandez
37.1%
Inter Milan
Mauro Icardi
36.5%
Lyon
Alexandre Lacazette
36.4%
Manchester United
Henrikh Mkhitaryan
34.5%
Borussia Dortmund
Ousmane Dembele
33.6%
Manchester City
Ilkay Gundogan
32.8%
Barcelona
Samuel Umtiti
30.6%
Bayern Munich
Joshua Kimmich
29.7%
Arsenal
Santi Cazorla
25.8%
Napoli
Kalidou Koulibaly
25.1%
Juventus
Claudio Marchisio
25%
AC Milan
Carlos Bacca
24.9%
Bayern Munich
Renato Sanches
24.6%
Juventus
Andrea Barzagli
24.5%
Ajax
Hakim Ziyech
22.3%
Borussia Dortmund
Raphael Guerreiro
22%
Atletico Madrid
Filipe Luis
21.4%
PSG
Blaise Matuidi
19.8%
PSG
Adrien Rabiot
14.8%
Inter Milan
Joao Mario
13.5%
Atletico Madrid
Kevin Gameiro
12.9%
Benfica
Jonas
10.8%
AS Roma
Radja Nainngolan
7.6%
Bayer Leverkusen
Julian Brandt
7.5%
Inter Milan
Ever Banega
5.3%
Borussia Dortmund
Julian Weigl
4.7%
Bayern Munich
Thiago Alcantra
4.5%
Barcelona
Javier Mascheranho
0.9%
Quiz Playlist
Details
Report
Send in Message
Add To Playlist
Classic:
Type in answers that appear in a list
Last Updated: Dec 17, 2017
Quiz Scoreboard
CHALLENGE
Sign Up to Join the Scoreboard
Show All
Scores
Hide
Comments
May contain spoilers
Recently Published
Holiday 10x10 Sorting Gallery
by lukepisani3
Holiday
15m
Two Season TV Shows II
by 123Four
Television
10m
Image Sorting: Flags VI
by Barbecue
Geography
2m
More to Explore
Quiz From the Vault
Featured Blog Post
14 Easter Pick-up Lines to Find Eggs With
hide this ad
You Might Also Like...
Tags
Premier League Quiz
Bundesliga Players
Chelsea
European Football
FC Barcelona
Football Clubs
Liverpool
Manchester City
Manchester United
Player
Real Madrid
UEFA Champions' League
Today's Top Quizzes in Sports
Browse Sports
hide this ad
Today's Top Quizzes in Premier League
Browse Premier League
Top Contributed Quizzes in Sports
1
Les meilleurs buteurs des matchs entre le PSG et l’OM
2
Les entraîneurs de l'OM et du PSG au 21e siècle
3
2022 World Cup Stars
4
Les joueurs passés par le PSG et l'OM
5
Players with Multiple 50 Home Run Seasons
6
FIFA Club World Cup Champions
7
Criteria MLB: Left Handed Sluggers
8
Les joueurs passés par le LOSC et le RC Lens
9
Top 10 NHL Goal Scorers of All Time
10
NBA Logic Puzzle 2.0
Explore More
Trending Topics
Disney
Kpop
Marvel
Harry Potter
Crossword
NBA
Anime
Song
WWE
NFL
Soccer
The Office
Puzzle
Pokémon
Country
hide this ad
More By:
prakashram08
Quiz
Plays
Rating
Category
Featured
Created
100 Best Football players in the World (2016)
874
1.11
Sports
Mar 5, 2017
The 100 Most Expensive Transfers of All time
863
3.33
Sports
Aug 1, 2017
The 20 best Premier League midfielders of the season
166
2.00
Sports
Jan 21, 2017
The 20 best Premier League forwards of the season
146
Sports
Jan 21, 2017
Every Player to appear for Chelsea in 2016-17
115
Sports
Jul 26, 2017
Go to Creator's Profile
Score Distribution
Quiz Creator Spotlight
prakashram08
Follow
Send a Message
Quizzes Created
-
Created Quiz Play Count
-
More By This Creator
Popular Quizzes Today
1
Find the US States - No Outlines Minefield
2
Colored Red Africa Blitz
3
Find the 'City' Movie
4
The Countries of the World
5
5x2 Blitz: Bands
6
Find the Countries of Europe - No Outlines Minefield
7
Find the US States
8
US States
More Sports Quizzes
Rockets 50
Quiz Lab
Trending Quizzes
Colored Red Europe Blitz I
Colored Red Africa Blitz II
Colored Red Europe Blitz II
Even More Two Season TV Shows
Colored Red Africa Blitz III
Recently Updated
Odd Team Out - Big 4 Players
pecheneg
Quick Pick: 20 Twenties
pecheneg
March Madness Men's Triple Doubles
pecheneg
How Do You Spell That?
pecheneg
Godzilla Movies
pecheneg
Grab Bag: 4-10 Letters
pecheneg
2024 March Madness Bracket
pecheneg
Famous TV Couples
Peacemaker
Champions League XIs: Real Madrid
pecheneg
Largest US Cities 1790-2010
pecheneg
Trending Topics
Harry Potter
NBA
Disney
Marvel
Kpop
Anime
Crossword
WWE
Country
Soccer
Song
The Office
Puzzle
NFL
Pokémon
Your Account Isn't Verified!
In order to create a playlist on Sporcle, you need to verify the email address you used during registration. Go to your
Sporcle Settings
to finish the process.
Report this User
Report this user for behavior that violates our
Community Guidelines
.
Details:
Send Report
Go to the Sporcle.com Mobile Site →
Comments